Statistics for The biggest islands

Click here to take the quiz!

General Stats

  • This quiz has been taken 17 times
  • The average score is 12 of 15

Answer Stats

Country that is belongs toIsland% Correct
Indonesia/Malaysia/BruneiBorneo
94%
DenmarkGreenland
94%
MadagascarMadagascar
94%
IndonesiaSumatra
94%
JapanHonshū
88%
IndonesiaJava
88%
New ZealandNorth Island
88%
New ZealandSouth Island
88%
CanadaBaffin Island
81%
Indonesia/Papua New GuineaNew guinea
81%
United KingdomGreat Brittain
75%
IndonesiaSulawesi
63%
CanadaEllesmere Island
56%
CanadaNewfoundland
50%
CanadaVictoria island
50%

Score Distribution

Percentile by Number Answered

Percent of People with Each Score

Your Score History

You have not taken this quiz